| 000 | 00341nam a2200145Ia 4500 | ||
|---|---|---|---|
| 008 | 230312s9999||||xx |||||||||||||| ||und|| | ||
| 020 | _a0-7506-9640-1 | ||
| 082 |
_a621.381 _bWIL-A |
||
| 100 | _aWilliams;jim | ||
| 245 | 0 | _aAnalog circuit design | |
| 260 |
_aIndia _c1991 |
||
| 300 | _a389 | ||
| 650 |
_aEngineering _vAvionics |
||
| 942 | _cBK | ||
| 999 |
_c12441 _d12441 |
||